"Wiggles," StoMPs, and Squeezes Calm my Jitters Down / (Record no. 190001)
[ view plain ]
| 000 -LEADER | |
|---|---|
| fixed length control field | 01227nam a2200277 i 4500 |
| 005 - DATE AND TIME OF LATEST TRANSACTION | |
| control field | 20221115151357.0 |
| 008 - FIXED-LENGTH DATA ELEMENTS--GENERAL INFORMATION | |
| fixed length control field | 221115t2021 -usa j 000 1 eng d |
| 020 ## - INTERNATIONAL STANDARD BOOK NUMBER | |
| International Standard Book Number | 9781945448928 |
| Terms of availability | RM 118.18 |
| Qualifying information | hardback |
| 040 ## - CATALOGING SOURCE | |
| Original cataloging agency | PPAK |
| Language of cataloging | eng |
| Transcribing agency | PPAK |
| Description conventions | rda |
| 082 04 - DEWEY DECIMAL CLASSIFICATION NUMBER | |
| Classification number | 813.6 |
| Edition number | 23 |
| 090 00 - LOCALLY ASSIGNED LC-TYPE CALL NUMBER (OCLC); LOCAL CALL NUMBER (RLIN) | |
| Classification number (OCLC) (R) ; Classification number, CALL (RLIN) (NR) | 813.6 |
| Feature heading | PAR |
| Feature heading | K |
| 100 1# - MAIN ENTRY--PERSONAL NAME | |
| Personal name | Parker, Lindsey Rowe, |
| Relator term | author. |
| 245 10 - TITLE STATEMENT | |
| Title | "Wiggles," StoMPs, and Squeezes Calm my Jitters Down / |
| Statement of responsibility, etc. | LINDSEY ROWE PARKER ; ILLustrated by REBECCA BURGESS |
| 264 #1 - PRODUCTION, PUBLICATION, DISTRIBUTION, MANUFACTURE, AND COPYRIGHT NOTICE | |
| Place of production, publication, distribution, manufacture | United States : |
| Name of producer, publisher, distributor, manufacturer | BQB Publishing , |
| Date of production, publication, distribution, manufacture, or copyright notice | [2021] |
| Date of production, publication, distribution, manufacture, or copyright notice | ©2021 |
| 300 ## - PHYSICAL DESCRIPTION | |
| Extent | iii, 47 pages : |
| Other physical details | colour illustrations ; |
| Dimensions | 21 x 21 cm |
| 336 ## - CONTENT TYPE | |
| Source | rdacontent |
| Content type term | text |
| Source | rdacontent |
| Content type term | still images |
| 337 ## - MEDIA TYPE | |
| Source | rdamedia |
| Media type term | unmediated |
| 338 ## - CARRIER TYPE | |
| Source | rdacarrier |
| Carrier type term | volume |
| 520 ## - SUMMARY, ETC. | |
| Summary, etc. | The vibration in her feet when she runs, the tap-tap-tap of her fork on the table at mealtime, the trickle of cool water running over her hands -- these are the things that calm her jitters down. This book is for anyone who has ever felt the need for a wiggle, stomp, or squeeze! |
| 650 10 - SUBJECT ADDED ENTRY--TOPICAL TERM | |
| Topical term or geographic name entry element | American fiction. |
| Topical term or geographic name entry element | Attention-deficit hyperactivity disorder |
| Form subdivision | Juvenile fiction. |
| 700 1# - ADDED ENTRY--PERSONAL NAME | |
| Personal name | Burgess, Rebecca, |
| Relator term | illustrator. |
| 942 ## - ADDED ENTRY ELEMENTS (KOHA) | |
| Source of classification or shelving scheme | Dewey Decimal Classification |
| Koha item type | Book |
| Withdrawn | Not for loan | Current library | Shelving location | Date acquired | Total Checkouts | Full call number | Barcode | Date last seen | Date last checked out | Koha item type | Total Renewals |
|---|---|---|---|---|---|---|---|---|---|---|---|
| Perpustakaan Alor Setar | Pinjaman Kanak-kanak | 05/12/2022 | 3 | K 813.6 PAR | A01760047 | 30/08/2025 | 03/08/2025 | Book | |||
| Perpustakaan Awam Sungai Petani | Pinjaman Kanak-kanak | 05/12/2022 | 7 | K 813.6 PAR | A01760048 | 29/09/2024 | 15/09/2024 | Book | 1 | ||
| Perpustakaan Kulim | Pinjaman Kanak-kanak | 05/12/2022 | 2 | K 813.6 PAR | A01760049 | 25/08/2024 | 04/08/2024 | Book | 1 |